Marketingové metriky merajúce efektivitu reklamy a marketingovej komunikácie podniku

Problematika marketingových metrík, druhy marketingových metrík. Metriky zamerané na marketingovú komunikáciu a reklamu. Efektivita reklamy – reklamné dojmy, počet reklám, príležitosti vidieť reklamu, hrubý rating reklamy, čistý rating reklamy. Poukázanie na dôležitosť marketingových metrík ako na v...

Description complète

Enregistré dans:
Détails bibliographiques
Auteur principal: Hojdik, Vladimír, 1992-
Format: Chapitre de livre
Langue:slovaque
Sujets:
Tags: Ajouter un tag
Pas de tags, Soyez le premier à ajouter un tag!

MARC

LEADER 00000nla a2200000 4500
001 0226415
005 20240502073725.3
041 0 |a slo 
044 |a SK 
245 1 0 |a Marketingové metriky merajúce efektivitu reklamy a marketingovej komunikácie podniku  |c Vladimír Hojdik 
520 |a Problematika marketingových metrík, druhy marketingových metrík. Metriky zamerané na marketingovú komunikáciu a reklamu. Efektivita reklamy – reklamné dojmy, počet reklám, príležitosti vidieť reklamu, hrubý rating reklamy, čistý rating reklamy. Poukázanie na dôležitosť marketingových metrík ako na významný aspekt hodnotenia efektívnosti marketingových procesov v podniku. 
610 2 0 |a reklama 
610 2 0 |a kampane reklamné 
610 2 0 |a komunikácia marketingová 
610 2 0 |a meranie výkonnosti 
610 2 0 |a efektívnosť 
610 2 0 |a meranie 
100 1 |a Hojdik, Vladimír, 1992-